000 00692cam a22002413a 4500
001 9469
003 PGUSA
005 20140828083212.0
008 051201s2005||||xxu|||||s|||||000 | eng d
040 _aPGUSA
_beng
042 _adc
050 4 _aBJ
100 1 _aJordan, David Starr,
_d1851-1931
245 1 4 _aThe Call of the Twentieth Century, an Address to Young Men
_h[electronic resource] /
_cDavid Starr Jordan
260 _bProject Gutenberg,
_c2005
506 _aPublic domain in the USA.
516 _aElectronic text
653 _aConduct of life
653 _aYoung men
830 0 _aProject Gutenberg
_v9469
856 4 0 _uhttp://www.gutenberg.org/ebooks/9469
942 _cEB
999 _c238725
_d238725